| 000 | 00403nam a2200181Ia 4500 | ||
|---|---|---|---|
| 001 | 1781 | ||
| 005 | 20260306143753.0 | ||
| 008 | 260306t1990||||xx |||||||||||||| ||spa|| | ||
| 041 | _aESP | ||
| 082 |
_a155.4 _bM58 |
||
| 100 |
_aMiller, Alice _eAUT |
||
| 245 | 0 | _aEl saber proscrito | |
| 260 | _c1990 | ||
| 300 |
_a226 páginas : _ccm. |
||
| 650 | _aGEN | ||
| 654 | _aCPS | ||
| 942 |
_cLIB _dJUS _fJUS _2ddc _n |
||
| 999 |
_c1781 _d1781 |
||